| 000 | 00867nam a2200241 a 4500 | ||
|---|---|---|---|
| 005 | 20220817111233.0 | ||
| 008 | 030127s2000 ag r 000 0 spa d | ||
| 020 | _a9501231941 | ||
| 035 | _aUPN01000121656 | ||
| 049 | _aCG | ||
| 050 | 4 |
_aRC564 _bK3.3 |
|
| 100 | 1 |
_aKalina, Eduardo, _d1937- |
|
| 245 | 1 | 0 |
_aAdicciones : _baportes para la clínica y la terapéutica / _cEduardo Kalina ; colab. Guillermo Dorado, Roberto Fernández Labriola y Pablo Miguel Roig. |
| 260 |
_aBuenos Aires : _bPaidós, _c2000. |
||
| 300 | _a154 p. | ||
| 440 | 0 |
_aBiblioteca de psicología, psiquiatría y psicoterapia ; _v194 |
|
| 650 | 7 |
_aAbuso de drogas _xTratamiento _2 _95969 |
|
| 650 | 4 |
_aTABACO - _xEFECTOS FISIOLOGICOS _96917 |
|
| 700 | 1 |
_aDorado, Guillermo, _ecolab. |
|
| 700 | 1 |
_aFernández Labriola, Roberto, _ecolab. |
|
| 700 | 1 |
_aMiguel Roig, Pablo, _ecolab. |
|
| 905 | _aLibro | ||
| 999 |
_c93875 _d93875 |
||